000 00786cam a22002413a 4500
001 12286
003 PGUSA
005 20140828083247.0
008 040501s2004||||xxu|||||s|||||000 p eng d
040 _aPGUSA
_beng
042 _adc
050 4 _aQK
100 1 _aRichardson, David Lester,
_d1801-1865
245 1 0 _aFlowers and Flower-Gardens :
_bWith an Appendix of Practical Instructions and Useful Information Respecting the Anglo-Indian Flower-Garden
_h[electronic resource] /
_cDavid Lester Richardson
260 _bProject Gutenberg,
_c2004
506 _aPublic domain in the USA.
516 _aElectronic text
653 _aFlowers -- Poetry
653 _aGardening
830 0 _aProject Gutenberg
_v12286
856 4 0 _uhttp://www.gutenberg.org/ebooks/12286
942 _cEB
999 _c241541
_d241541